| 000 | 01519nam a2200373Ia 4500 | ||
|---|---|---|---|
| 001 | ebr10112520 | ||
| 003 | CaPaEBR | ||
| 006 | m u | ||
| 007 | cr cn||||||||| | ||
| 008 | 050428s2004 ncua s 000 0 eng d | ||
| 010 | _z 2005274946 | ||
| 020 | _z0738490008 | ||
| 040 |
_aCaPaEBR _cCaPaEBR |
||
| 035 | _a(OCoLC)560077922 | ||
| 050 | 1 | 4 |
_aHF5548.323.W43 _b.P376 2004eb |
| 245 | 0 | 0 |
_aPatterns _h[electronic resource] : _bimplementing an SOA using an Enterprise Service Bus / _c[Martin Keen ... et al.]. |
| 250 | _a1st ed. | ||
| 260 |
_aResearch Triangle Park, NC : _bIBM, International Technical Support Organization, _c2004. |
||
| 300 |
_axvi, 364 p. : _bill. |
||
| 490 | 1 | _aIBM redbooks | |
| 500 | _a"SG24-6346-00." | ||
| 533 |
_aElectronic reproduction. _bPalo Alto, Calif. : _cebrary, _d2009. _nAvailable via World Wide Web. _nAccess may be limited to ebrary affiliated libraries. |
||
| 630 | 0 | 0 | _aWebSphere. |
| 650 | 0 |
_aElectronic commerce _xComputer programs. |
|
| 650 | 0 |
_aBusiness enterprises _xData processing. |
|
| 650 | 0 | _aSoftware patterns. | |
| 650 | 0 | _aEnterprise application integration (Computer systems) | |
| 655 | 7 |
_aElectronic books. _2local |
|
| 700 | 1 | _aKeen, Martin. | |
| 710 | 2 |
_aInternational Business Machines Corporation. _bInternational Technical Support Organization. |
|
| 710 | 2 | _aebrary, Inc. | |
| 830 | 0 | _aIBM redbooks. | |
| 856 | 4 | 0 |
_uhttp://site.ebrary.com/lib/rucke/Doc?id=10112520 _zAn electronic book accessible through the World Wide Web; click to view |
| 999 |
_c106985 _d106985 |
||